000 01785nam0a2200325 i 4500
001 RU\NLR\BIBL_A\010387399
005 20241103083159.0
021 _aRU
_b2014-24140
_91498
035 _a(NILC)RuMoRGB-006769119
035 _a(NLR Aleph) 010387399
090 _a9660641
_c9660641
100 _a20140604d2013 m y0rusy50 ca
101 0 _arus
102 _aRU
105 _ay j 000yy
200 1 _aФилософия
_eучебно-методический комплекс
_fМ-во образования и науки Российской Федерации, Федеральное гос. бюджетное образовательное учреждение высш. проф. образования "Уфимский гос. ун-т экономики и сервиса" (УГУЭС), Каф. "Философия, политология и право"
_g[сост. Г. Б. Святохина]
210 _aУфа
_cРед.-изд. отдел Уфимского гос. ун-та экономики и сервиса
_d2013
215 _a108 с.
_d20
606 _aФилософия
_jУчебно-методические пособия для высших учебных заведений
_9900139
_3RU\NLR\AUTH\666996
675 _a1(075.8)
686 1 _aЮ0я73
702 1 _aСвятохина
_bГ. Б.
_gГалина Борисовна
_4220
712 0 2 _4570
_aУфимский государственный университет экономики и сервиса
_bКафедра "Философия, политология и право"
_9406927
_3RU\NLR\AUTH\880370192
801 0 _aRU
_bRuMoRKP
_c20140331
_gRCR
801 2 _aRU
_bРГБ
_c20140409
_grcr
942 _cBOOK
980 _aNBR